| 000 | 00532nam a2200169 i 4500 | ||
|---|---|---|---|
| 001 | 182908 | ||
| 003 | ES-MaACL | ||
| 005 | 20230906221738.0 | ||
| 008 | 131211s1888 gw |||| | ger d | ||
| 100 | 1 |
_aWiggert, Friedrich. _9153952 |
|
| 245 | 1 | 0 |
_aVocabula latinae linguae primitiva _b: Handbüchlein der lateinischen Stammwörter / _cFriedrich Wiggert. |
| 250 | _a20. verb. Aufl. | ||
| 260 |
_aLeipzig : _bTeubner, _c1888. |
||
| 300 |
_aVI, 132 p. ; _c17 cm. |
||
| 650 | 0 | 4 |
_aLengua latina. _914291 |
| 852 |
_aES-MaACL _jF-12897 |
||
| 999 |
_c182908 _d182908 |
||